<?xml version="1.0" encoding="UTF-8"?>
<collection xmlns="http://www.loc.gov/MARC21/slim">
 <record>
  <leader>00390nam a22001215a 4500</leader>
  <controlfield tag="001">EUN.um032431</controlfield>
  <controlfield tag="008">041125b19uu####xx############000#0#spa#d</controlfield>
  <controlfield tag="005">20190429090545.0</controlfield>
  <datafield tag="245" ind1="0" ind2="0">
   <subfield code="a">Determinación espectrométrica indirecta de floruros /</subfield>
   <subfield code="c">A. L. Allan  [et al.].</subfield>
  </datafield>
  <datafield tag="700" ind1="1" ind2=" ">
   <subfield code="a">Allan, Alfredo Leslie.</subfield>
  </datafield>
  <datafield tag="082" ind1="0" ind2="4">
   <subfield code="a">545.8</subfield>
  </datafield>
  <datafield tag="082" ind1="0" ind2="4">
   <subfield code="a">549.4</subfield>
  </datafield>
  <datafield tag="859" ind1=" " ind2=" ">
   <subfield code="a">Ar-BaUNS</subfield>
   <subfield code="b">BIB. CENTRAL - Sector C</subfield>
   <subfield code="h">545.8</subfield>
   <subfield code="i">Al52-1</subfield>
   <subfield code="p">90510/983</subfield>
  </datafield>
 </record>
</collection>
